Better Cuba Country Quiz - Statistics

General Stats
  • This quiz has been taken 5 times
  • The average score is 35 of 50
Answer Stats
Hint Answer % Correct
Year of indepenence from Spain 1898
100%
Year of communist revolution 1959
100%
Year of U.S. embargo 1960 or 1962
100%
Military budget as % of GDP ~4%
100%
Discontinued Currency Cuban Convertible Peso (CUC)
100%
Curreny Cuban Peso (CUP)
100%
First President Fidel Castro
100%
Capital and Largest City Havana
100%
President and Secretary of the Party Miguel Diaz-Canel
100%
Second President Raul Castro
100%
Area Estimate (km^2) 110,860 km^2
75%
Year of indepence from USA 1902
75%
Year of Cuban missile crisis 1962
75%
Paramilitary / militia personel ~# ~1 Million
75%
Year of latest consitution 2019
75%
When did the U.S. indict the above? 2026
75%
Active military personel ~# ~50,000
75%
# of UNESCO Sites 9
75%
Distance to Florida (Miles) 90 Miles
75%
Deployed soldiers to this country in 1975 Angola
75%
National Sport Baseball
75%
Failed U.S. backed invasion in this bay Bay of Pigs
75%
Third Largest Export Beverages inc. Rum (7.8%)
75%
Associate member of this anti-western global organization BRICS
75%
Name of ruling party Communist Party (PCC)
75%
As a tool of diplomacy, Cuba sends _____ to needy countries Doctors
75%
Key military-economic entity GAESA
75%
U.S. Base Location Guantanamo Bay
75%
Famous cuban cocktail Mojito
75%
Name of legislature National Assembly
75%
Second Largest Export Ores & Nickel (25.7%)
75%
Famous dance Salsa
75%
Second Largest City Santiago de Cuba
75%
Language Spanish
75%
Largest Export Tobacco Products (31.4%)
75%
Former closest regional ally Venezuela
75%
Population (M) 11 Million
50%
Minister of the Revolutionary Armed Forces Alvaro Lopez Miera
50%
Famous rum brand from above Bacardi
50%
Third Largest City Camaguey
50%
Foreign SIGINT Host China
50%
Prime Minister Manuel Marrero (Cruz)
50%
Primary aircraft MiG-23
50%
Ministry Overseeing Inteligence MININT (Ministry of the Interior)
50%
Primary Doctrine People's War
50%
Famous night club in above city Tropicana Club
50%
Reserve military personel ~# ~40,000
25%
Leader of above entity Ania Guillermina Lastres Morera
25%
Main intelligence agency G2 or DI or Dirección de Inteligencia
25%
Human Rights Status Repressive
0%
No matching quizzes found
Score Distribution
Percent of People with Each Score
Percentile by Number Answered
Your Score History
You have not taken this quiz